书目信息 |
| 题名: |
公理集论
|
|
| 作者: | 汪芳庭 编著 | |
| 分册: | ||
| 出版信息: | 合肥 中国科学技术大学出版社 1995.01 |
|
| 页数: | 195页 | |
| 开本: | 32开 | |
| 丛书名: | ||
| 单 册: | ||
| 中图分类: | O143 | |
| 科图分类: | ||
| 主题词: | 数理逻辑 , 数学基础 | |
| 电子资源: | ||
| ISBN: | 7-312-00597-7 | |
| 000 | 00561nam0 2200205 45 | |
| 001 | 0008081613 | |
| 005 | 20000808160131.3 | |
| 010 | @a7-312-00597-7@d8.00元 | |
| 100 | @a20000808d1995 km y0chiy0120 ea | |
| 101 | 0 | @achi |
| 105 | @a z 000yy | |
| 200 | 1 | @a公理集论@AGong Li Ji Lun@f汪芳庭编著@FWang Fang Ting Bian Zhu |
| 210 | @a合肥@c中国科学技术大学出版社@d1995.01 | |
| 215 | @a195页@d32开 | |
| 606 | 0 | @a数理逻辑 |
| 606 | 0 | @a数学基础 |
| 690 | @aO143@v3 | |
| 701 | 0 | @a汪芳庭@4编著 |
| 801 | @aCN@bPftUser@c20000808 | |
| 905 | @b93620-624@dO143@eW834@f5 | |
| 公理集论/汪芳庭编著.-合肥:中国科学技术大学出版社,1995.01 |
| 195页;32开 |
| ISBN 7-312-00597-7:8.00元 |
| ● |
| 相关链接 |
|
|
|
正题名:公理集论
索取号:O143/W834
 
预约/预借
| 序号 | 登录号 | 条形码 | 馆藏地/架位号 | 状态 | 备注 |
| 1 | 93620 | 200936201 | 自科二线504/504自科库 36排1列6层/ [索取号:O143/W834] | 在馆 | |
| 2 | 93621 | 200936210 | 自科二线504/504自科库 36排1列6层/ [索取号:O143/W834] | 在馆 | |
| 3 | 93622 | 200936229 | 自科二线504/504自科库 36排1列6层/ [索取号:O143/W834] | 在馆 | |
| 4 | 93623 | 200936238 | 自科二线504/504自科库 36排1列6层/ [索取号:O143/W834] | 在馆 | |
| 5 | 93624 | 200936247 | 自科二线504/504自科库 36排1列6层/ [索取号:O143/W834] | 在馆 |